000 00445nam a2200133Ia 4500
008 100328s9999 xx 000 0 und d
082 _b73876
100 _aशेठ उषा.
245 _aचाहूल कोवळ्या मनाची.
260 _bनवचैतन्य.
630 _aचाहूल कोवळ्या मनाची.
730 _aचाहूल कोवळ्या मनाची.
942 _cBOOK
999 _c559597
_d559594